| 000 | 00430nam a22001697a 4500 | ||
|---|---|---|---|
| 005 | 20160630120117.0 | ||
| 008 | 160630b xxu||||| |||| 00| 0 eng d | ||
| 020 | _a81-219-0306-8 | ||
| 041 | _aeng | ||
| 082 | _b19685 | ||
| 100 |
_aNarayan Shanti & Other _93298 |
||
| 245 | _aElements Of Real Analysis | ||
| 260 |
_a New Delhi _bSultan Chand & Sons, _c2014 |
||
| 300 | _aM-25 | ||
| 650 |
_aDiploma Engineering _9817 |
||
| 942 | _cBK | ||
| 999 |
_c4912 _d4910 |
||